| 000 | 00955nam a2200217 i 4500 | ||
|---|---|---|---|
| 001 | 165539 | ||
| 003 | ES-MaACL | ||
| 005 | 20250731034210.0 | ||
| 008 | 000721s1882 sp |||| | spa d | ||
| 100 | 1 |
_aSolsona y Baselga, Conrado. _9132808 |
|
| 245 | 1 | 0 |
_aNotas humorísticas / _cConrado Solsona. |
| 260 |
_aMadrid : _bLuis Navarro, _c1882. |
||
| 300 |
_a213 p. ; _c17 cm. |
||
| 505 | 8 |
_aContiene: ; _tDescripción del Ateneo de Madrid cuando estaba en la calle de la Montera (p. 41-59) |
|
| 530 | _aDisponible en formato digital: portada y p. 41-59, que contienen la descripción del Ateneo. | ||
| 610 | 2 | 4 |
_aAteneo de Madrid- _vHistoria- _vRelatos personales _91926 |
| 610 | 2 | 4 |
_aAteneo de Madrid- _vObras digitalizadas. _91930 |
| 852 |
_aES-MaACL _jF-11279 _z- Enc. pasta |
||
| 856 |
_uhttps://www.ateneodemadrid.com/Biblioteca/Novedades/Novedades-Coleccion-Digital/Solsona-Conrado.-Notas-humoristicas _zVer documento |
||
| 999 |
_c165539 _d165539 |
||